000 00507 a2200157 4500
999 _c6835
_d6835
020 _a0750633328
050 _aHF 5719 HOW 1997
100 _aHoward, S
_eauthor
245 _aProject and report writing.
_cSenter Howard
264 _aOxford:
_bPergamon flexible learning
_c1986
300 _a106p.:
440 _aNEBS Management development super series, third edition., Managing information.
500 _aincludes table of contents
650 _aBusiness report writing.
942 _2lcc
_cBK
_h5719
_iHOW
_kHF